| 000 | 01409nam0a22002891 4500 | ||
|---|---|---|---|
| 001 | RU\NLR\A1SV\20372 | ||
| 005 | 20251203171251.9 | ||
| 035 | _a(NLR Aleph) 009705319 | ||
| 090 |
_a9807136 _c9807136 |
||
| 100 | _a20100415d1926 u y0rusy50 ca | ||
| 101 | 0 | _arus | |
| 102 | _aRU | ||
| 200 | 1 |
_aПоложение о едином сельскохозяйственном налоге на 1926-27 год с подробными объяснениями к каждой статье, всеми таблицами и примерами исчисления налога с хозяйства _fСост. работниками Отд. сельхозналога Наркомфина Союза ССР т. т. А.Б.Райхманом и С.Л.Любарским _gПод рук. и ред. зав. Отд. сельхозналога Наркомфина ССР М.И.Лифшица |
|
| 205 |
_a2-е изд. _bиспр. и доп. |
||
| 210 |
_aМ. _cКрестьян. газ. _d1926 |
||
| 215 |
_a48 с. _d23 см |
||
| 620 | _dМосква | ||
| 700 | 1 |
_aРайхман _bА.Б. _gАлександр Борисович |
|
| 701 | 1 |
_aЛюбарский _bС.Л. _gСемен Львович |
|
| 702 | 1 |
_aЛифшиц _bМ.И. _f1888- _gМихаил Иосифович |
|
| 801 | 0 |
_aRU _bNLR _c20100415 |
|
| 852 |
_aNLR _j40/1638 |
||
| 899 | _aРГБ | ||
| 942 | _cBOOK | ||
| 980 | _aNB | ||
| 980 | _aA1SV | ||